हिन्दी सिनेमा में बदलते यथार्थ की अभिव्यक्ति: परिवार, समाज और राष्ट्र के सन्दर्भ में (Record no. 1433549)
[ view plain ]
| 000 -LEADER | |
|---|---|
| fixed length control field | 00891nam a22001817a 4500 |
| 005 - DATE AND TIME OF LATEST TRANSACTION | |
| control field | 20250709155044.0 |
| 008 - FIXED-LENGTH DATA ELEMENTS--GENERAL INFORMATION | |
| fixed length control field | 250709b |||||||| |||| 00| 0 eng d |
| 020 ## - INTERNATIONAL STANDARD BOOK NUMBER | |
| International Standard Book Number | 978-8-953969-3-1(hbk) |
| 037 ## - SOURCE OF ACQUISITION | |
| Terms of availability | TB |
| 040 ## - CATALOGING SOURCE | |
| Original cataloging agency | CRL |
| Transcribing agency | CRL |
| 084 ## - COLON CLASSIFICATION NUMBER | |
| Classification number | NW44 152R1 |
| Assigning agency | CRL |
| 100 ## - MAIN ENTRY--PERSONAL NAME | |
| Personal name | पारख, जवरीमल्ल |
| 9 (RLIN) | 815332 |
| 245 ## - TITLE STATEMENT | |
| Title | हिन्दी सिनेमा में बदलते यथार्थ की अभिव्यक्ति: परिवार, समाज और राष्ट्र के सन्दर्भ में |
| 260 ## - PUBLICATION, DISTRIBUTION, ETC. | |
| Place of publication, distribution, etc. | दिल्ली, भारत: |
| Name of publisher, distributor, etc. | नयी किताब प्रकाशन , |
| Date of publication, distribution, etc. | 2021. |
| 365 ## - TRADE PRICE | |
| Price amount | 500.00 |
| Currency code | INR |
| 942 ## - ADDED ENTRY ELEMENTS (KOHA) | |
| Source of classification or shelving scheme | Colon Classification (CC) |
| Koha item type | Textbook |
| Classification part | NW44 152R1 |
| Suppress in OPAC | No |
| Withdrawn status | Lost status | Source of classification or shelving scheme | Damaged status | Not for loan | Home library | Current library | Date acquired | Source of acquisition | Cost, normal purchase price | Inventory number | Total Checkouts | Full call number | Barcode | Date due | Date last seen | Date last checked out | Price effective from | Koha item type |
|---|---|---|---|---|---|---|---|---|---|---|---|---|---|---|---|---|---|---|
| Colon Classification (CC) | Central Library | Arts Library | 2025-07-09 | Katyani pub & book seller | 500.00 | 024 & 2025-01-07 | 1 | NW44 152R1 | CL1682409 | 2025-12-30 | 2025-12-30 | 2025-12-30 | 2025-07-09 | Textbook |
